[Event "Portugal Open 2020"]
[Site "Lisboa POR"]
[Date "2020.01.26"]
[Round "3.5"]
[White "SABUK, Piotr"]
[Black "INDIC, Aleksandar"]
[Result "0-1"]
[BlackElo "2622"]
[WhiteElo "2360"]
[LiveChessVersion "1.4.8"]

1. d4 {[%clk 1:30:56]} Nf6 {[%clk 1:29:46]} 2. c4 {[%clk 1:30:57]} e6
{[%clk 1:30:04]} 3. Nc3 {[%clk 1:30:55]} Bb4 {[%clk 1:30:21]} 4. f3
{[%clk 1:30:55]} c5 {[%clk 1:27:56]} 5. d5 {[%clk 1:31:02]} O-O {[%clk 1:28:12]}
6. e4 {[%clk 1:30:57]} d6 {[%clk 1:28:33]} 7. Nge2 {[%clk 1:28:57]} a6
{[%clk 1:27:34]} 8. Nf4 {[%clk 1:19:57]} exd5 {[%clk 1:22:46]} 9. cxd5
{[%clk 1:17:27]} b5 {[%clk 1:22:29]} 10. a4 {[%clk 1:09:15]} Ba5 {[%clk 1:22:47]}
11. Be2 {[%clk 1:02:58]} Nbd7 {[%clk 1:21:39]} 12. O-O {[%clk 0:57:35]} c4
{[%clk 1:20:45]} 13. Kh1 {[%clk 0:56:49]} Rb8 {[%clk 1:21:05]} 14. Be3
{[%clk 0:50:27]} Ne5 {[%clk 1:19:56]} 15. Bd4 {[%clk 0:33:58]} b4
{[%clk 1:01:46]} 16. Nb1 {[%clk 0:33:43]} Bb6 {[%clk 1:02:01]} 17. a5
{[%clk 0:30:19]} Bxa5 {[%clk 0:51:03]} 18. Nd2 {[%clk 0:29:23]} c3
{[%clk 0:46:19]} 19. Nb3 {[%clk 0:28:35]} Bb6 {[%clk 0:46:37]} 20. bxc3
{[%clk 0:28:11]} a5 {[%clk 0:42:57]} 21. c4 {[%clk 0:23:40]} Nfd7
{[%clk 0:41:20]} 22. Bxb6 {[%clk 0:20:25]} Qxb6 {[%clk 0:41:40]} 23. Qd4
{[%clk 0:19:39]} Qxd4 {[%clk 0:36:18]} 24. Nxd4 {[%clk 0:20:06]} Ra8
{[%clk 0:36:12]} 25. Nb5 {[%clk 0:12:32]} Nc5 {[%clk 0:35:38]} 26. Nc7
{[%clk 0:10:39]} Bd7 {[%clk 0:30:55]} 27. Nxa8 {[%clk 0:09:54]} Rxa8
{[%clk 0:31:23]} 28. Rfb1 {[%clk 0:05:01]} b3 {[%clk 0:27:36]} 29. Nd3
{[%clk 0:02:00]} Nexd3 {[%clk 0:26:50]} 30. Bxd3 {[%clk 0:02:28]} a4
{[%clk 0:24:32]} 31. Be2 {[%clk 0:02:49]} f5 {[%clk 0:24:53]} 32. Kg1
{[%clk 0:01:45]} Re8 {[%clk 0:24:45]} 33. Kf2 {[%clk 0:01:27]} fxe4
{[%clk 0:25:04]} 34. f4 {[%clk 0:00:44]} e3+ {[%clk 0:24:52]} 35. Ke1
{[%clk 0:01:07]} Bf5 {[%clk 0:25:03]} 36. Rb2 {[%clk 0:01:26]} Bc2
{[%clk 0:24:14]} 37. Rxc2 {[%clk 0:00:34]} bxc2 {[%clk 0:24:35]} 38. Rc1
{[%clk 0:01:00]} Rb8 {[%clk 0:24:13]} 39. Rxc2 {[%clk 0:01:23]} Rb1+
{[%clk 0:24:32]} 40. Bd1 {[%clk 0:01:50]} Nb3 {[%clk 0:24:17]} 41. Ke2
{[%clk 0:00:34]} Nd4+ {[%clk 0:24:30]} 42. Kxe3 {[%clk 0:00:57]} Nxc2+
{[%clk 0:24:42]} 43. Bxc2 {[%clk 0:01:26]} Rb4 {[%clk 0:25:00]} 44. Kd4 0-1

[Event "Portugal Open 2020"]
[Site "Lisboa POR"]
[Date "2020.01.26"]
[Round "3.37"]
[White "SILVA, Tiago"]
[Black "SANTOS, Jose Guilherme"]
[Result "0-1"]
[BlackElo "2211"]
[WhiteElo "1855"]
[LiveChessVersion "1.4.8"]

1. e4 {[%clk 1:30:58]} c5 {[%clk 1:29:34]} 2. c4 {[%clk 1:31:21]} Nc6
{[%clk 1:28:38]} 3. Nc3 {[%clk 1:31:44]} g6 {[%clk 1:28:18]} 4. g3
{[%clk 1:32:07]} Bg7 {[%clk 1:28:42]} 5. Bg2 {[%clk 1:32:31]} e6 {[%clk 1:27:34]}
6. Nge2 {[%clk 1:32:51]} Nge7 {[%clk 1:27:54]} 7. a3 {[%clk 1:33:04]} O-O
{[%clk 1:26:10]} 8. d3 {[%clk 1:28:45]} b6 {[%clk 1:24:47]} 9. Rb1
{[%clk 1:27:57]} Bb7 {[%clk 1:24:44]} 10. O-O {[%clk 1:26:42]} d6
{[%clk 1:24:06]} 11. b4 {[%clk 1:25:58]} Qd7 {[%clk 1:23:47]} 12. h4
{[%clk 1:06:41]} Nd4 13. Nf4 {[%clk 1:04:56]} cxb4 {[%clk 1:11:57]} 14. axb4
{[%clk 1:02:27]} b5 {[%clk 1:07:45]} 15. Nce2 Rac8 {[%clk 1:07:59]} 16. Nxd4
{[%clk 0:59:39]} Bxd4 {[%clk 1:08:16]} 17. cxb5 {[%clk 0:58:30]} Qxb5
{[%clk 0:58:35]} 18. Bh3 {[%clk 0:52:15]} d5 {[%clk 0:56:17]} 19. Nxe6
{[%clk 0:50:16]} fxe6 20. Bh6 Rf6 {[%clk 0:49:57]} 21. Bg5 {[%clk 0:48:50]} Rcf8
22. Bxf6 {[%clk 0:48:30]} Rxf6 {[%clk 0:49:37]} 23. Kh2 {[%clk 0:46:26]} e5
{[%clk 0:33:08]} 24. f4 dxe4 {[%clk 0:33:03]} 25. fxe5 {[%clk 0:46:29]} Qxe5
{[%clk 0:33:24]} 26. Rxf6 {[%clk 0:45:36]} Qxf6 {[%clk 0:33:46]} 27. Qf1 e3
{[%clk 0:18:42]} 28. Qxf6 {[%clk 0:44:39]} Bxf6 {[%clk 0:19:18]} 0-1